Estadísticas para Once inicial del Real Madrid 2010 - 2019

Haz click aquí para intentar la prueba.

Estadísticas generales

  • Esta prueba ha sido intentada 2.727 veces
  • La puntuación promedio es 24 de 32

Estadísticas de respuestas

Jugador% Correcto
Cristiano Ronaldo
99%
Luka Modrić
98%
Gareth Bale
97%
Iker Casillas
97%
Karim Benzema
97%
Sergio Ramos
96%
Marcelo
93%
Toni Kroos
93%
Keylor Navas
92%
Thibaut Courtois
92%
Pepe
91%
Dani Carvajal
90%
Casemiro
85%
Raphaël Varane
85%
Ángel Di María
82%
James Rodriguez
81%
Gonzalo Higuain
72%
Nacho
72%
Isco
71%
Mesut Özil
70%
Xabi Alonso
70%
Fábio Coentrão
69%
Marco Asensio
68%
Diego Lopez
60%
Sami Khedira
60%
Alvaro Arbeloa
54%
Raul Albiol
54%
Kaká
53%
Danilo
49%
Ricardo Carvalho
49%
Lassana Diarra
39%
Esteban Granero
21%

Distribución de puntuación

Porcentaje por número respondido

Porcentaje de gente con cada puntuación

Historial de tus puntuaciones

No has intentado esta prueba.